00926nam a2200253 a 450000100060000000300080000600500170001400800410003102000150007203500190008704000230010604100080012908200250013724500800016226000380024230000350028050001250031550400390044065000300047965000320050970000210054170000460056271100640060867776BD-RjUL20211209081707.0170328s1978 nyua b 101 0 eng  a0306400197 a(BD-RjUL)67985 aDLCcDLCdDLCbeng aeng00a551.46223bADV 197800aAdvances in oceanography /cedited by Henry Charnock and Sir George Deacon. aNew York :bPlenum Press,cc1978. aviii, 356 p. :bill. ;c26 cm. aPapers presented in general symposia at the Joint Oceanographic Assembly held in Edinburgh, Scotland, Sept. 13-24, 1976. aIncludes bibliographies and index. 0aOceanographyxCongresses. 0aMarine biologyxCongresses.1 aCharnock, Henry.1 aDeacon, George Edward Raven,cSir,d1906-2 aJoint Oceanographic Assemblyd(1976 :cEdinburgh, Scotland)